| 000 | 00844nam a2200217 a 4500 | ||
|---|---|---|---|
| 001 | 000020789 | ||
| 005 | 20240409073639.0 | ||
| 008 | 100817s2016 dr 000 0 spa d | ||
| 020 | _a9789945085273 | ||
| 040 |
_aDO-SdBNP _bspa _cBNPHU |
||
| 082 |
_a920.72 _bT266a |
||
| 100 | 1 |
_aTejada E., Inés María _943553 |
|
| 245 | 1 | 0 |
_aAnoche mataron a Trujillo : _bmemorias de vivencias en Santiago, República Dominicana / _cInés María Tejada E. |
| 260 |
_aSantiago, República Dominicana : _b[s.n.], _c2016. |
||
| 300 |
_a290 p. ; _c21 cm. |
||
| 500 | _aLa biblioteca posee 1 ejemplar autografiado por el autor | ||
| 600 | 1 | 4 |
_aTEJEDA E., INÉS MARIA _943565 |
| 651 | 0 |
_aSantiago de los Caballeros (Republica Dominicana) _98269 |
|
| 651 | 0 |
_aSantiago de los Caballeros (Republica Dominicana) _98269 |
|
| 910 | _aValidado. Control de calidad MFF | ||
| 999 |
_c20293 _d20293 |
||